| 000 | 00945cam a2200193 4500 | ||
|---|---|---|---|
| 001 | WB3934-05 | ||
| 008 | 030911n2003 000 0 eng u | ||
| 035 | _a(Sirsi) u123559 | ||
| 245 | _aRethinking Construction Demonstrations report | ||
| 260 | _c2003 | ||
| 490 |
_aPlanning (for the Natural and Built Environment) _v29 August 2003, 4 (1) |
||
| 520 | _aThe "Demonstrations report" published by Rethinking Construction encourages the industry to work within sustainable principles, and with more respect for employees. Purports to show that working within these boundaries leads to less impact on the environment and to higher levels of customer satisfaction. http://www.rethinkingconstruction.org/documents/Demo%20Report%20July%2003%20THE%20Final.pdf | ||
| 590 | _aWB | ||
| 650 |
_aSustainability _96271 |
||
| 650 | _aSTANDARDS | ||
| 650 | _aCONSTRUCTION PROCESS | ||
| 690 | _aBUILT ENVIRONMENT-SUSTAINABLE CONSTRUCTION | ||
| 942 | _n0 | ||
| 999 |
_c73390 _d73390 |
||